MDQL
is popping MORE tags! Check the
thread
!
Quizzes
Events
Quiz Creation
Community
Videos
Private Events
Remove Ads
Sign In
Join for FREE
Feedback
Dark Mode
Quiz Categories
Sports
Geography
Music
Movies
Television
Just For Fun
Miscellaneous
History
Literature
Language
Science
Gaming
Entertainment
Religion
Holiday
For Kids
Quiz Lab
Recent
Popular Today
Quiz Kudos Today
Editor Picks
Curator Picks
Quizzes by...
Day
Popularity
Type
Ratings
Length
Year
Community
Subscriptions
Recent Discussions
Orange Saloon
Badges
Playlists
Quests
Create
Leaderboards
Showdown
Live 5
Trivia Bingo
Activity
Puzzle Library
Sporcle Events
Private Events
Virtual Trivia
Globe League
Become a Host
Pub Owners
SporcleCon
Opinionation
Our Games
Videos
Blog
Mobile Apps
Partnerships
Remove Ads and Go Orange
Feedback
Sports
Athletes
MLB
NBA
NHL
NFL
Soccer
Sports Teams
WWE
NCAA
Football
Premier League
Basketball
Baseball
Hockey
Golf
Tennis
Cricket
Rugby
Auto Racing
Olympics
World Cup
Sports
Athletes
MLB
NBA
NHL
NFL
Soccer
Sports Teams
WWE
NCAA
Football
Premier League
Basketball
Baseball
Hockey
Golf
Tennis
Cricket
Rugby
Auto Racing
Olympics
World Cup
Random Quiz
Search Sporcle
×
Quiz Lab
Quiz Lab
Sports
NFL
Type in answers that appear in a list
Type in answers that appear in a list
Classic
Best Score? Go Orange.
NFL Most Seasons With 20+ Passing TDs Stats
Can you name the NFL Most Seasons With 20+ Passing TDs?
By
MM008
6m
27 Questions
705 Plays
705 Plays
705 Plays
Comments
Comments
Give Quiz Kudos
Give Quiz Kudos
-
- Ratings
hide this ad
Replay
Link that replays current quiz
Next Quiz
Link to next quiz in quiz playlist
You Got
0%
They Got
Avg Score
68%
Avg Friend Score
Upgrade to see
Score Distribution
Jump to the score distribution portion of the page
Score
0/27
Timer
06:00
0
Plays Today
Seasons Played
% Correct
1998-
Present
Peyton Manning
99.1%
2004-
Present
Eli Manning
99%
1991-
2010
Brett Favre
98.6%
2000-
Present
Tom Brady
96%
1983-
1999
Dan Marino
94%
2001-
Present
Drew Brees
87.1%
1979-
1994
Joe Montana
86.2%
1985-
1999
Steve Young
86.2%
1999-
Present
Donovan McNabb
84.8%
2004-
Present
Philip Rivers
84.1%
1983-
1998
John Elway
84%
1956-
1973
Johnny Unitas
76%
1984-
2000
Warren Moon
75.3%
1998-
2009
Kurt Warner
74.3%
Seasons Played
% Correct
1961-
1978
Fran Tarkenton
70.4%
1986-
1996
Jim Kelly
67.9%
1973-
1987
Dan Fouts
66.5%
1993-
2006
Drew Bledsoe
65.7%
2003-
Present
Carson Palmer
55.9%
1985-
2001
Randall Cunningham
54.8%
1984-
1997
Boomer Esiason
53.3%
1949-
1975
George Blanda
38.3%
1957-
1975
Len Dawson
37%
1980-
1998
Dave Krieg
35%
1957-
1974
Sonny Jurgensen
30.5%
1986-
1997
Jim Everett
26.7%
1962-
1977
John Hadl
21.6%
Quiz Playlist
Details
Report
Send in Message
Add To Playlist
Classic:
Type in answers that appear in a list
Quiz Source
Last Updated: Feb 16, 2017
Quiz Scoreboard
CHALLENGE
Sign Up to Join the Scoreboard
Show All
Scores
Hide
Comments
May contain spoilers
Recently Published
Find the 'City' Movie
by crazypaving
Movies
60s
5x2 Blitz: Bands
by SL_Kpop136
Music
30s
Colored Red Africa Blitz
by spor1
Geography
30s
More to Explore
Quiz From the Vault
Featured Blog Post
14 Easter Pick-up Lines to Find Eggs With
hide this ad
You Might Also Like...
Tags
NFL Quiz
Passing
season
tds
Today's Top Quizzes in Sports
Browse Sports
hide this ad
Today's Top Quizzes in NFL
Browse NFL
Top Contributed Quizzes in Sports
1
Players with Multiple 50 Home Run Seasons
2
Criteria MLB: Left Handed Sluggers
3
MLB Players with Two .350 Batting Average Seasons
4
Who Hit More Homers?
5
Premier League Clubs since 2000 (minefield)
6
Who Needs Fielders?
7
2020 F1 Drivers Logic Puzzle
8
Les entraîneurs de l'OM et du PSG au 21e siècle
9
Top 10 NHL Goal Scorers of All Time
10
MLB Hall of Famer by Rings
Explore More
Trending Topics
Crossword
NBA
Disney
Anime
Kpop
Harry Potter
Marvel
Soccer
The Office
NFL
Puzzle
Country
Song
WWE
Pokémon
hide this ad
More By:
MM008
Quiz
Plays
Rating
Category
Featured
Created
NFL 3,000-Passing Yard Seasons by Team
145,090
4.52
Sports
Nov 18, 2010
NFL Players with Multiple MVPs
71,972
4.54
Sports
Apr 8, 2010
NFL 1,000 Yard Receivers on Multiple Teams
58,461
4.39
Sports
Aug 12, 2011
NFL QBs with 100+ TD passes with a Team
19,185
4.39
Sports
Aug 1, 2010
NBA Most Double-Double Games
5,991
4.33
Sports
May 27, 2011
Go to Creator's Profile
Score Distribution
Quiz Creator Spotlight
MM008
Follow
Send a Message
Quizzes Created
-
Created Quiz Play Count
-
More By This Creator
Popular Quizzes Today
1
Colored Red Africa Blitz
2
Find the 'City' Movie
3
5x2 Blitz: Bands
4
Find the US States - No Outlines Minefield
5
The Countries of the World
6
Find the US States
7
US States
8
9x9 Crossword: Cartoon Network
More Sports Quizzes
⚽ Champions Crests: Lithuania
Quiz Lab
Trending Quizzes
Colored Red Europe Blitz I
Colored Red Africa Blitz II
Colored Red Europe Blitz II
Colored Red Europe Blitz III
Colored Red Africa Blitz III
Recently Updated
Famous TV Couples
Peacemaker
Champions League XIs: Real Madrid
pecheneg
Largest US Cities 1790-2010
pecheneg
Rides in Walt Disney World
pecheneg
Most Oscar Losses (Acting)
pecheneg
Beyoncé Albums
pecheneg
Leaping Animals
pecheneg
Reality TV Shows (A-Z)
bhenderson79
Rickey Henderson's Hall of Fame Teammates
pecheneg
Champions League XIs: Arsenal
pecheneg
Trending Topics
Disney
Crossword
Kpop
Anime
Harry Potter
NBA
Marvel
WWE
NFL
Puzzle
Country
Soccer
The Office
Song
Pokémon
Your Account Isn't Verified!
In order to create a playlist on Sporcle, you need to verify the email address you used during registration. Go to your
Sporcle Settings
to finish the process.
Report this User
Report this user for behavior that violates our
Community Guidelines
.
Details:
Send Report
Go to the Sporcle.com Mobile Site →
Comments